Qui est la réalisatrice ? - Statistiques

Statistiques générales
  • Ce quiz a été pris 25 fois
  • Le résultat moyen est 7 sur 15
Statistiques - réponses
Hint Réponse % Correct
Cléo de 5 à 7 Varda
91%
Virgin Suicides Coppola
87%
Barbie Gerwig
78%
Portrait de lajeune fille en feu Sciamma
78%
Anatomie d'une chute Triet
78%
La leçon de piano Campion
48%
Jeanne Dielman,23, quai du Commerce, 1080 Bruxelles Akerman
39%
Matrix Wachowski
39%
Les Démineurs Bigelow
30%
Persepolis Satrapi
30%
Dahomey Diop
22%
Je verrai toujoursvos visages Herry
22%
Past Lives Song
22%
Les résultats du féminisme Guy
13%
Simple comme Sylvain Chokri
9%
Aucun quiz correspondant
Distribution des résultats
% des personnes avec chaque résultat
Percentile par nombre de réponses
Votre historique - résultats
Vous n’avez pas pris ce quiz